Concursos de cartório : (Registro nro. 173365)
[ vista simple ]
| 000 -LEADER | |
|---|---|
| fixed length control field | 01888nam a22004211i 4500 |
| 001 - CONTROL NUMBER | |
| control field | bslw10110052 |
| 003 - CONTROL NUMBER IDENTIFIER | |
| control field | UtOrBLW |
| 006 - FIXED-LENGTH DATA ELEMENTS--ADDITIONAL MATERIAL CHARACTERISTICS--GENERAL INFORMATION | |
| fixed length control field | m o d |
| 007 - PHYSICAL DESCRIPTION FIXED FIELD--GENERAL INFORMATION | |
| fixed length control field | cr un ---uuuua |
| 008 - FIXED-LENGTH DATA ELEMENTS--GENERAL INFORMATION | |
| fixed length control field | 231212s2022 bl ob 000 0 por d |
| 020 ## - INTERNATIONAL STANDARD BOOK NUMBER | |
| International Standard Book Number | 9786555154580 |
| Qualifying information | (Ebook) |
| 035 ## - | |
| -- | 42664 |
| 040 ## - CATALOGING SOURCE | |
| Original cataloging agency | UtOrBLW |
| Language of cataloging | eng |
| Description conventions | rda |
| Transcribing agency | UtOrBLW |
| 043 ## - | |
| -- | s-bl--- |
| 050 #4 - | |
| -- | KHD256 |
| -- | V45 2022 |
| 082 04 - | |
| -- | 347.81016 |
| -- | 23 |
| 100 1# - MAIN ENTRY--PERSONAL NAME | |
| Personal name | Veloso, Gracielle, |
| Relator term | author. |
| 245 10 - TITLE STATEMENT | |
| Title | Concursos de cartório : |
| Remainder of title | prática para a segunda fase / |
| Statement of responsibility, etc | Gracielle Veloso, autora ; Christiano Cassettari, coordenação. |
| 264 #1 - | |
| -- | Indaiatuba, SP : |
| -- | Editora Foco, |
| -- | 2022. |
| 300 ## - PHYSICAL DESCRIPTION | |
| Extent | 1 online resource (xv, 251 pages) |
| 336 ## - | |
| -- | text |
| -- | txt |
| -- | rdacontent |
| 337 ## - | |
| -- | computer |
| -- | c |
| -- | rdamedia |
| 338 ## - | |
| -- | online resource |
| -- | cr |
| -- | rdacarrier |
| 504 ## - BIBLIOGRAPHY, ETC. NOTE | |
| Bibliography, etc | Includes bibliographical references. |
| 650 #0 - SUBJECT ADDED ENTRY--TOPICAL TERM | |
| Topical term or geographic name as entry element | Notaries |
| General subdivision | Licenses |
| Geographic subdivision | Brazil. |
| 650 #0 - SUBJECT ADDED ENTRY--TOPICAL TERM | |
| Topical term or geographic name as entry element | Notaries |
| General subdivision | Licenses |
| Geographic subdivision | Brazil |
| General subdivision | Examinations |
| Form subdivision | Study guides. |
| 650 #0 - SUBJECT ADDED ENTRY--TOPICAL TERM | |
| Topical term or geographic name as entry element | Notaries |
| Geographic subdivision | Brazil |
| Form subdivision | Examinations, questions, etc. |
| 700 1# - ADDED ENTRY--PERSONAL NAME | |
| Personal name | Cassettari, Christiano, |
| Relator term | editor. |
| 856 40 - LOCALIZACIÓN Y ACCESO ELECTRÓNICO | |
| Identificador Uniforme del Recurso (URI/URL) | https://app.vlex.com/#/sources/42664 |
| 912 ## - | |
| -- | 1993 |
| -- | 12/12/2023 |
| -- | 10110052 |
| -- | cha |
| -- | OE |
| -- | 000000-1 |
| -- | 2020 |
| -- | 12/20/2023 |
| -- | 2020 |
| -- | 12/20/2023 |
| -- | 1 |
| 911 ## - | |
| -- | Vlex |
| -- | Original |
| 942 ## - | |
| -- | RAA |
| 970 ## - | |
| -- | 12/20/2023 |
| -- | Batch Comment |
| -- | Comment |
| -- | 082 had an extra space in the $a. Double check the 082's for extra spaces |
| -- | 911 |
| -- | 2 |
| -- | 1993 |
| -- | 2020 |
| 970 ## - | |
| -- | 12/20/2023 |
| -- | Comment |
| -- | Comment |
| -- | Does this record need an 043? I thougt we only added thee if the source is in more than one language? |
| -- | 970 |
| -- | q |
| -- | 1993 |
| -- | 2020 |
| 970 ## - | |
| -- | 12/20/2023 |
| -- | Comment |
| -- | Comment |
| -- | Not sure about the first 650. Would divide it into two. Ex. Notaries |
| -- | Licenses |
| -- | Brazil and Notaries |
| -- | Licenses |
| -- | Brazil |
| -- | Examinations |
| -- | Study guides. |
| -- | 970 |
| -- | q |
| -- | 1993 |
| -- | 2020 |
| 972 ## - | |
| -- | QCed by 2020 |
| 999 ## - | |
| -- | 173365 |
| -- | 173365 |
No hay ítems disponibles.